| 000 | 02071nam a2200529 i 4500 | ||
|---|---|---|---|
| 001 | DIGAKAL0613 | ||
| 003 | NyNyDIG | ||
| 007 | cr ||||||||||| | ||
| 008 | 220621s2010 sp ob 000 0 spa d | ||
| 006 | m o d | ||
| 035 | _a(OCoLC)883632322 | ||
| 040 |
_aDGITA _beng _erda _epn _cDGITA |
||
| 020 |
_a9788446049708 _qeBook |
||
| 020 | _z9788446037910 | ||
| 041 | 1 |
_aspa _heng |
|
| 050 | 1 | 4 | _aHM1272 ebook |
| 082 | 1 | 4 | _a303.482 |
| 100 | 1 |
_aBurke, Peter, _d1937- _eauthor. |
|
| 240 | 1 | 0 |
_aCultural hybridity. _lSpanish _s(Chaparro Martínez) |
| 245 | 1 | 0 |
_aHibridismo cultural / _cPeter Burke ; traducción, Sandra Chaparro Martínez ; estudio preliminar, María José del Río Barredo. |
| 250 | _a2a ed. | ||
| 264 | 1 |
_aTres Cantos, Madrid, España : _bAkal, _c[2010] |
|
| 300 | _a1 online resource. | ||
| 336 |
_atext _btxt _2rdacontent |
||
| 337 |
_acomputer _bc _2rdamedia |
||
| 338 |
_aonline resource _bcr _2rdacarrier |
||
| 347 |
_atext file _2rdaft |
||
| 347 | _bEPUB | ||
| 490 | 1 |
_aAkal universitaria. Historia moderna ; _v353 |
|
| 504 | _aIncludes bibliographical references. | ||
| 588 | 0 | _aOnline resource; title from ePub title page (Digitalia, viewed June 21, 2022) | |
| 650 | 0 | _aCultural fusion. | |
| 650 | 0 | _aCultural pluralism. | |
| 650 | 0 | _aEthnic relations. | |
| 650 | 0 | _aEthnology. | |
| 655 | 0 | _aElectronic books. | |
| 700 | 1 |
_aChaparro Martínez, Sandra, _etranslator. |
|
| 700 | 1 |
_aRío Barredo, María José del, _econtributor agent of text. |
|
| 700 | 1 |
_iTranslation of: _aBurke, Peter, _d1937- _tCultural hybridity. |
|
| 791 | 2 |
_aDigitalia (Firm), _edistributor. |
|
| 793 | 0 |
_gDigitalia eBook Collection: _aAkal |
|
| 776 | 0 | 8 |
_iPrint version: _aBurke, Peter, 1937- _sCultural hybridity. Spanish (Chaparro Martínez). _tHibridismo cultural. _b2a ed. _dTres Cantos, Madrid, España : Akal, [2010] _z9788446037910 |
| 830 | 0 |
_aAkal universitaria. _pSerie Historia moderna ; _v353. |
|
| 856 | 4 | 0 |
_3Digitalia Hispánica _uhttps://www.digitaliapublishing.com/a/70752/ |
| 910 | _aPremium collection: 2022 | ||
| 942 | _cRAA | ||
| 999 |
_c263449 _d263449 |
||